00559 2200217 4500001002100000005001500021035002000036007000300056008004100059020001800100082001000118084001600128100001100144245005600155260004200211300003400253650001300287700001700300990001200317990001200329INLIS00000000000160420220428123119 a0010-0218000199ta220428 g 0 ind  a9786023941933 a153.8 a153.8 AYU m0 aAYUSHA1 aMimpi Itu Gratis /cAyuSha; penyunting, Ahmad Husni aJakarta :bBhuana Ilmu Populer,c2016 ax, 132 hlm. :bilus. ;c19 cm 4aMOTIVASI0 aAHMAD, Husni a16364 a a16364 b